Sejm X kadencji - Statystyki

Ogólne statystyki
  • Ten quiz został rozwiązany 49 razy
    22 od ostatniego zresetowania
  • Średni wynik to 42 z 459
Statystyki odpowiedzi
Klub / Koło Poseł / Posłanka % Poprawnych
PiS Filip Kaczyński
100%
PiS Jarosław Kaczyński
100%
KO Donald Tusk
93%
PL 2050-TD Szymon Hołownia
93%
PSL-TD Władysław Kosiniak-Kamysz
93%
Konfederacja Grzegorz Braun
86%
Konfederacja Karina Bosak
86%
Konfederacja Krzysztof Bosak
86%
PiS Zbigniew Rau
86%
Kukiz'15 Paweł Kukiz
79%
PiS Mateusz Morawiecki
71%
Konfederacja Sławomir Mentzen
71%
Lewica Anna Maria Żukowska
64%
PiS Marek Ast
64%
KO Paweł Kowal
64%
PiS Janusz Kowalski
57%
Lewica Adrian Zandberg
50%
KO Barbara Nowacka
50%
KO Borys Budka
50%
PiS Mariusz Błaszczak
50%
Konfederacja Roman Fritz
50%
Lewica Włodzimierz Czarzasty
50%
PiS Elżbieta Duda
43%
Kukiz'15 Jarosław Sachajko
43%
Konfederacja Konrad Berkowicz
43%
Lewica Krzysztof Gawkowski
43%
PL 2050-TD Maja Nowak
43%
Kukiz'15 Marek Jakubiak
43%
PiS Przemysław Czarnek
43%
KO Roman Giertych
43%
Konfederacja Ryszard Wilk
43%
PiS Teresa Wilk
43%
KO Tomasz Nowak
43%
PiS Dariusz Matecki
36%
PiS Elżbieta Witek
36%
PiS Henryk Kowalczyk
36%
Lewica Joanna Scheuring-Wielgus
36%
Konfederacja Przemysław Wipler
36%
KO Przemysław Witek
36%
PL 2050-TD Ryszard Petru
36%
Konfederacja Włodzimierz Skalik
36%
Lewica Agnieszka Dziemianowicz-Bąk
29%
PiS Antoni Macierewicz
29%
KO Bartłomiej Sienkiewicz
29%
Konfederacja Grzegorz Płaczek
29%
PSL-TD Ireneusz Raś
29%
Lewica Krzysztof Śmiszek
29%
Konfederacja Krzysztof Tuduj
29%
KO Marcin Kierwiński
29%
Konfederacja Michał Wawer
29%
Lewica Paulina Matysiak
29%
PiS Piotr Müller
29%
PSL-TD Piotr Zgorzelski
29%
Konfederacja Stanisław Tyszka
29%
Konfederacja Witold Tumanowicz
29%
PiS Zbigniew Ziobro
29%
KO Aleksandra Wiśniewska
21%
Konfederacja Andrzej Zapałowski
21%
KO Dariusz Joński
21%
KO Ewa Kołodziej
21%
PL 2050-TD Izabela Bodnar
21%
Lewica Katarzyna Kotula
21%
PiS Krzysztof Ardanowski
21%
PSL-TD Krzysztof Paszyk
21%
Lewica Łukasz Litewka
21%
PiS Łukasz Schreiber
21%
KO Magdalena Kołodziejczak
21%
PSL-TD Marek Sawicki
21%
KO Michał Kołodziejczak
21%
KO Rajmund Miller
21%
PiS Ryszard Terlecki
21%
KO Sławomir Nitras
21%
PiS Sławomir Zawiślak
21%
Niezrzeszony Adam Gomoła
14%
KO Aleksandra Gajewska
14%
Lewica Arkadiusz Sikora
14%
Konfederacja Bartłomiej Pejo
14%
KO Bogusław Wołoszański
14%
PSL-TD Czesław Siekierski
14%
Lewica Dariusz Wieczorek
14%
KO Dorota Niedziela
14%
KO Izabela Leszczyna
14%
PiS Jacek Sasin
14%
KO Jarosław Urbaniak
14%
KO Jarosław Wałęsa
14%
PiS Jarosław Wieczorek
14%
PiS Jarosław Zieliński
14%
PL 2050-TD Joanna Mucha
14%
PiS Kamil Bortniczuk
14%
KO Kinga Gajewska
14%
PiS Krzysztof Szczucki
14%
PSL-TD Magdalena Sroka
14%
Lewica Marcelina Zawisza
14%
PL 2050-TD Michał Gramatyka
14%
PL 2050-TD Michał Kobosko
14%
KO Michał Szczerba
14%
Niezrzeszona Monika Pawłowska
14%
PiS Piotr Kaleta
14%
PiS Sebastian Kaleta
14%
KO Tomasz Siemoniak
14%
PiS Tomasz Zieliński
14%
KO Urszula Zielińska
14%
KO Witold Zembaczyński
14%
KO Zbigniew Konwiński
14%
KO Adam Szłapka
7%
KO Adrian Witczak
7%
PL 2050-TD Agnieszka Buczyńska
7%
PiS Andrzej Adamczyk
7%
PiS Andrzej Gawron
7%
Lewica Andrzej Szejna
7%
PiS Anna Gembicka
7%
KO Apoloniusz Tajner
7%
PiS Arkadiusz Czartoryski
7%
PiS Arkadiusz Mularczyk
7%
KO Arkadiusz Myrcha
7%
PiS Barbara Bartuś
7%
KO Barbara Dolniak
7%
KO Bartosz Arłukowicz
7%
PL 2050-TD Bartosz Romowicz
7%
KO Bogdan Zdrojewski
7%
Konfederacja Bronisław Foltyn
7%
KO Cezary Tomczyk
7%
PiS Czesław Hoc
7%
PSL-TD Dariusz Klimczak
7%
KO Dorota Marek
7%
KO Elżbieta Polak
7%
PiS Ewa Leniart
7%
KO Franciszek Sterczewski
7%
KO Grzegorz Napieralski
7%
PiS Grzegorz Woźniak
7%
PiS Iwona Arent
7%
KO Iwona Krawczyk
7%
PSL-TD Jacek Tomczak
7%
KO Jagna Marczułajtis-Walczak
7%
PiS Jan Kanthak
7%
PiS Jan Warzecha
7%
PiS Jerzy Polaczek
7%
KO Joanna Kluzik-Rostkowska
7%
PiS Joanna Lichocka
7%
KO Katarzyna Matusik-Lipiec
7%
PiS Kazimierz Gołojuch
7%
KO Klaudia Jachira
7%
PiS Krzysztof Kubów
7%
Konfederacja Krzysztof Mulawa
7%
PiS Leonard Krasulski
7%
PiS Łukasz Mejza
7%
KO Magdalena Filiks
7%
KO Małgorzata Niemczyk
7%
PiS Marcin Grabowski
7%
PiS Marcin Porzucek
7%
PiS Marcin Przydacz
7%
PiS Marcin Romanowski
7%
PiS Marcin Warchoł
7%
PiS Marek Kuchciński
7%
KO Marek Sowa
7%
PiS Marek Suski
7%
KO Mariusz Witczak
7%
PiS Marlena Maląg
7%
KO Marta Wcisło
7%
KO Mateusz Bochenek
7%
PiS Michał Dworczyk
7%
KO Michał Krawczyk
7%
PiS Michał Wójcik
7%
PL 2050-TD Mirosław Suchoń
7%
KO Monika Wielichowska
7%
PiS Norbert Kaczmarczyk
7%
PL 2050-TD Paulina Hennig-Kloska
7%
PiS Paweł Jabłoński
7%
KO Paweł Suski
7%
KO Piotr Adamowicz
7%
KO Piotr Borys
7%
PiS Piotr Polak
7%
PiS Radosław Fogiel
7%
PiS Rafał Bochenek
7%
KO Renata Rak
7%
KO Robert Kropiwnicki
7%
PiS Sylwester Tułajew
7%
PiS Szymon Szynkowski vel Sęk
7%
PiS Tadeusz Chrzan
7%
PSL-TD Tadeusz Samborski
7%
PiS Tadeusz Woźniak
7%
KO Tomasz Szymański
7%
Lewica Tomasz Trela
7%
PiS Waldemar Andzel
7%
PiS Waldemar Buda
7%
Lewica Wanda Nowicka
7%
PL 2050-TD Wioleta Tomczak
7%
PSL-TD Władysław Bartoszewski
7%
KO Zofia Czernow
7%
PiS Adam Andruszkiewicz
0%
PSL-TD Adam Dziedzic
0%
KO Adam Krzemiński
0%
PL 2050-TD Adam Luboński
0%
PiS Agata Wojtyszek
0%
PiS Agnieszka Górska
0%
KO Agnieszka Hanajczyk
0%
PSL-TD Agnieszka Kłopotek
0%
KO Agnieszka Pomaska
0%
PiS Agnieszka Ścigaj
0%
PiS Agnieszka Soin
0%
PiS Agnieszka Wojciechowska van Heukelom
0%
KO Aleksander Miszalski
0%
PiS Aleksander Mrówczyński
0%
PL 2050-TD Aleksandra Leo
0%
KO Alicja Chybicka
0%
KO Alicja Łepkowska-Gołaś
0%
KO Andrzej Domański
0%
PSL-TD Andrzej Grzyb
0%
PiS Andrzej Gut-Mostowy
0%
PiS Andrzej Kosztowniak
0%
PiS Andrzej Kryj
0%
PiS Andrzej Małecki
0%
KO Andrzej Szewiński
0%
PiS Anita Czerwińska
0%
Lewica Anita Kucharska-Dziedzic
0%
PiS Anna Baluch
0%
PiS Anna Cicholska
0%
PiS Anna Dąbrowska-Banaszek
0%
PiS Anna Krupka
0%
PiS Anna Kwiecień
0%
PiS Anna Milczanowska
0%
PiS Anna Pieczarka
0%
PiS Anna Schmidt
0%
KO Anna Sobolak
0%
KO Anna Wojciechowska
0%
KO Arkadiusz Marchewka
0%
PiS Artur Chojecki
0%
KO Artur Gierada
0%
KO Artur Łącki
0%
PiS Artur Szałabawka
0%
PL 2050-TD Barbara Okuła
0%
PL 2050-TD Barbara Oliwiecka
0%
PiS Bartłomiej Dorywalski
0%
PiS Bartłomiej Wróblewski
0%
PiS Bartosz Kownacki
0%
KO Bartosz Zawieja
0%
PiS Bolesław Piecha
0%
PiS Bożena Borys-Szopa
0%
PSL-TD Bożena Żelazowska
0%
KO Czesław Mroczek
0%
PiS Daniel Milewski
0%
KO Danuta Jazłowiecka
0%
Lewica Daria Gosek-Popiołek
0%
PiS Dariusz Piontkowski
0%
PiS Dariusz Stefaniuk
0%
PiS Dominika Chorosińska
0%
PiS Dorota Arciszewska-Mielewczyk
0%
KO Dorota Łoboda
0%
Lewica Dorota Olko
0%
PiS Edward Siarka
0%
PL 2050-TD Elżbieta Burkiewicz
0%
KO Elżbieta Gapińska
0%
KO Elżbieta Gelert
0%
PiS Ewa Malik
0%
PL 2050-TD Ewa Schädler
0%
PL 2050-TD Ewa Szymanowska
0%
PiS Fryderyk Kapinos
0%
KO Gabriela Lenartowicz
0%
PiS Grzegorz Gaża
0%
PiS Grzegorz Lorek
0%
PiS Grzegorz Matusiak
0%
PiS Grzegorz Piechowiak
0%
PiS Grzegorz Puda
0%
KO Grzegorz Rusiecki
0%
PiS Grzegorz Śliwka
0%
KO Henryka Krzywonos-Strycharska
0%
PSL-TD Henryk Kiepura
0%
KO Henryk Szopiński
0%
PiS Ireneusz Zyska
0%
KO Iwona Hartwich
0%
KO Iwona Karolewska
0%
KO Iwona Kozłowska
0%
KO Izabela Mrzygłocka
0%
PiS Jacek Bogucki
0%
Lewica Jacek Czerniak
0%
KO Jacek Karnowski
0%
KO Jacek Niedźwiedzki
0%
PiS Jacek Osuch
0%
PiS Jacek Ozdoba
0%
KO Jacek Protas
0%
PiS Jacek Świat
0%
KO Jakub Rutnicki
0%
PiS Jan Dziedziczak
0%
KO Jan Grabiec
0%
PiS Jan Mosiński
0%
KO Janusz Cichoń
0%
PiS Janusz Cieszyński
0%
PSL-TD Jarosław Rzepa
0%
PiS Jarosław Sellin
0%
PiS Jerzy Materna
0%
PiS Joanna Borowiak
0%
KO Joanna Frydrych
0%
Lewica Joanna Wicha
0%
KO Jolanta Niezgodzka
0%
PSL-TD Jolanta Zięba-Gzik
0%
PiS Józefa Szczurek-Żelazko
0%
PiS Kacper Płażyński
0%
KO Kamila Gasiuk-Pihowicz
0%
PL 2050-TD Kamil Wnuk
0%
KO Karolina Pawliczak
0%
PiS Katarzyna Czochara
0%
KO Katarzyna Kierzek-Koperska
0%
KO Katarzyna Lubnauer
0%
KO Katarzyna Osos
0%
KO Katarzyna Piekarska
0%
PiS Katarzyna Sójka
0%
Lewica Katarzyna Ueberhan
0%
PiS Kazimierz Choma
0%
PiS Kazimierz Gwiazdowski
0%
KO Kazimierz Plocke
0%
PiS Kazimierz Smoliński
0%
KO Konrad Frysztak
0%
KO Krystian Łuczak
0%
KO Krystyna Sibińska
0%
KO Krystyna Skowrońska
0%
KO Krystyna Szumilas
0%
KO Krzysztof Bojarski
0%
PiS Krzysztof Ciecióra
0%
PiS Krzysztof Czarnecki
0%
KO Krzysztof Gadowski
0%
KO Krzysztof Grabczuk
0%
KO Krzysztof Habura
0%
PSL-TD Krzysztof Hetman
0%
PiS Krzysztof Lipiec
0%
PiS Krzysztof Sobolewski
0%
PiS Krzysztof Tchórzewski
0%
KO Krzysztof Truskolaski
0%
PiS Lidia Burzyńska
0%
KO Lucjan Pietrzczyk
0%
KO Łukasz Horbatowski
0%
PiS Łukasz Kmita
0%
PL 2050-TD Łukasz Osmalak
0%
KO Łukasz Ściebiorowski
0%
Lewica Maciej Konieczny
0%
KO Maciej Lasek
0%
KO Maciej Wróbel
0%
PiS Magdalena Filipek-Sobczak
0%
KO Magdalena Łośko
0%
KO Małgorzata Gieradzka
0%
PiS Małgorzata Golińska
0%
PiS Małgorzata Gosiewska
0%
KO Małgorzata Pępek
0%
KO Małgorzata Tracz
0%
PiS Małgorzata Wassermann
0%
KO Marcin Bosacki
0%
PiS Marcin Gwóźdź
0%
PiS Marcin Horała
0%
KO Marcin Józefaciuk
0%
Lewica Marcin Kulasek
0%
PiS Marcin Ociepa
0%
PL 2050-TD Marcin Skonieczka
0%
PSL-TD Marek Biernacki
0%
KO Marek Chmielewski
0%
PiS Marek Gróbarczyk
0%
KO Marek Gzik
0%
KO Marek Hok
0%
KO Marek Krząkała
0%
PiS Marek Matuszewski
0%
KO Marek Rząsa
0%
PiS Marek Wesoły
0%
KO Maria Janyska
0%
PiS Maria Koc
0%
PiS Maria Kurowska
0%
PiS Mariusz Gosek
0%
PiS Mariusz Kałużny
0%
PiS Mariusz Krystian
0%
KO Marta Golbik
0%
PiS Marzena Machałek
0%
KO Marzena Okła-Drewnowicz
0%
PiS Michał Cieślak
0%
KO Michał Jaros
0%
PiS Michał Moskal
0%
PSL-TD Michał Pyrzyk
0%
KO Mirosława Nykiel
0%
PiS Mirosława Stachowiak-Różecka
0%
PSL-TD Mirosław Maliszewski
0%
PSL-TD Mirosław Orliński
0%
KO Monika Rosa
0%
PL 2050-TD Norbert Pietrykowski
0%
PiS Olga Semeniuk-Patkowska
0%
KO Patryk Gabriel
0%
KO Patryk Jaskulski
0%
PiS Patryk Wicher
0%
PSL-TD Paweł Bejda
0%
KO Paweł Bliźniuk
0%
PiS Paweł Hreniak
0%
KO Paweł Olszewski
0%
KO Paweł Papke
0%
PiS Paweł Rychlik
0%
PiS Paweł Sałek
0%
PL 2050-TD Paweł Śliz
0%
PiS Paweł Szefernaker
0%
PiS Paweł Szrot
0%
PL 2050-TD Paweł Zalewski
0%
PiS Piotr Babinetz
0%
PiS Piotr Gliński
0%
KO Piotr Głowski
0%
PL 2050-TD Piotr Górnikiewicz
0%
KO Piotr Kandyba
0%
PiS Piotr Król
0%
KO Piotr Lachowicz
0%
PL 2050-TD Piotr Strach
0%
PiS Piotr Uruski
0%
PiS Piotr Uściński
0%
PiS Przemysław Drabek
0%
PSL-TD Radosław Lubczyk
0%
PL 2050-TD Rafał Kasprzyk
0%
PL 2050-TD Rafał Komarewicz
0%
KO Rafał Siemaszko
0%
PiS Rafał Weber
0%
PiS Rafał Woś
0%
KO Robert Dowhan
0%
PiS Robert Gontarz
0%
PiS Robert Telus
0%
KO Robert Wardzała
0%
PiS Robert Warwas
0%
PiS Ryszard Bartosik
0%
PiS Sebastian Łukaszewicz
0%
PL 2050-TD Sławomir Ćwik
0%
PiS Sławomir Skwarek
0%
KO Stanisław Gorczyca
0%
KO Stanisław Lamczyk
0%
PiS Stanisław Szwed
0%
PSL-TD Stanisław Tomczyszyn
0%
PSL-TD Stefan Krajewski
0%
KO Sylwia Bielawska
0%
PiS Szymon Giżyński
0%
PiS Szymon Pogoda
0%
Lewica Tadeusz Tomaszewski
0%
PiS Teresa Pamuła
0%
KO Tomasz Głogowski
0%
KO Tomasz Kostuś
0%
PL 2050-TD Tomasz Zimoch
0%
KO Urszula Augustyn
0%
PSL-TD Urszula Nowogórska
0%
PSL-TD Urszula Pasławska
0%
PiS Urszula Rusecka
0%
KO Waldemar Sługocki
0%
KO Weronika Smarduch
0%
PiS Wiesław Krajewski
0%
PSL-TD Wiesław Różyński
0%
Lewica Wiesław Szczepański
0%
PiS Witold Czarnecki
0%
PiS Władysław Dajczak
0%
PiS Władysław Kurowski
0%
KO Włodzisław Giziński
0%
KO Wojciech Król
0%
KO Wojciech Saługa
0%
PiS Wojciech Szarama
0%
PiS Wojciech Zubowski
0%
PL 2050-TD Żaneta Cwalina-Śliwowska
0%
PiS Zbigniew Bogucki
0%
PiS Zbigniew Chmielowiec
0%
PiS Zbigniew Dolata
0%
PiS Zbigniew Hoffmann
0%
PiS Zbigniew Kuźmiuk
0%
PSL-TD Zbigniew Sosnowski
0%
PSL-TD Zbigniew Ziejewski
0%
KO Zdzisław Gawlik
0%
Nie znaleziono quizów pasujących do podanych kryteriów
Rozkład punktacji
Procent ludzi z każdym wynikiem
Percentyl według liczby udzielonych odpowiedzi
Twoja historia wyników
Nie rozwiązałeś tego quizu od ostatniego zresetowania